Моделювання мілітарних та національних міфів у романах В. Скотта "Айвенго" та Г. Сенкевича "Вогнем і мечем" (Запис № 285438)
[ простий вигляд ]
| 000 -LEADER | |
|---|---|
| fixed length control field | 01509nam a22001577a 4500 |
| 041 ## - LANGUAGE CODE | |
| Language code of text/sound track or separate title | ukr |
| 080 ## - UNIVERSAL DECIMAL CLASSIFICATION NUMBER | |
| Universal Decimal Classification number | 09 |
| 090 ## - LOCALLY ASSIGNED LC-TYPE CALL NUMBER (OCLC); LOCAL CALL NUMBER (OCLC) | |
| Local cutter number (OCLC) ; Book number/undivided call number, CALL (RLIN) | САВ |
| 100 ## - MAIN ENTRY--PERSONAL NAME | |
| Personal name | Савчук, В. А. |
| 245 ## - TITLE STATEMENT | |
| Title | Моделювання мілітарних та національних міфів у романах В. Скотта "Айвенго" та Г. Сенкевича "Вогнем і мечем" |
| 260 ## - PUBLICATION, DISTRIBUTION, ETC. (IMPRINT) | |
| Place of publication, distribution, etc | Острог |
| Name of publisher, distributor, etc | КАФ |
| Date of publication, distribution, etc | 2014 |
| 300 ## - PHYSICAL DESCRIPTION | |
| Extent | 69 |
| 520 ## - SUMMARY, ETC. | |
| Summary, etc | Вступ.<br/>Розділ І. Ідеологічне підгрунтя моделювання міфів.<br/>1.1. Культ лицаря в романтичній Англії<br/>1.2. Сарматизм як євро-азійська традиція культу лицаря в контексті ідеології польської шляхти<br/>1.3. Жанр історичного роману та процес міфотворення<br/>Розділ ІІ. Фактори мілітарного та національного міфотрворення.<br/>2.1. Характер ведення оповіді у романах В. Скотта, і Г. Сенкевича<br/>2.2. Художнє моделювання історії в умовах колоніального статусу<br/>2.3. Гендерний стереотип чоловіка як воїна<br/>Висновки.<br/>Список використаної літератури. |
| -- | літературознавство, В.Скотт, Г.Сенкевич |
| 650 ## - SUBJECT ADDED ENTRY--TOPICAL TERM | |
| Topical term or geographic name as entry element | Research Papers |
| 942 ## - ADDED ENTRY ELEMENTS (KOHA) | |
| Koha item type | Книги |
| Withdrawn status | Lost status | Source of classification or shelving scheme | Damaged status | Not for loan | Home library | Current library | Date acquired | Source of acquisition | Cost, normal purchase price | Total Checkouts | Full call number | Barcode | Date last seen | Price effective from | Koha item type |
|---|---|---|---|---|---|---|---|---|---|---|---|---|---|---|---|
| Universal Decimal Classification | ВІЛ - Відділ іноземн. літератури НБ | ВІЛ - Відділ іноземн. літератури НБ | 17/06/2014 | Акт №8 | 1.00 | 09 | 215456 | 10/11/2021 | 17/06/2014 | Книги |